Economics and the crisis of ecology

محفوظ في:
التفاصيل البيبلوغرافية
المؤلف الرئيسي: Singh Narindar
التنسيق: كتاب
منشور في: New Delhi : Oxford University press, 1976.
الموضوعات:
الوسوم: إضافة وسم
لا توجد وسوم, كن أول من يضع وسما على هذه التسجيلة!

MARC

LEADER 00000pam a2200000 i 4500
020 |a NA  |c TZS 95/= 
040 |a MUL  |b eng.  |e AACR 
082 0 0 |a 330.153 SIN 
100 1 |a Singh Narindar  
245 1 4 |a Economics and the crisis of ecology   |c Singh Narindar  
260 |a New Delhi :  |b Oxford University press,  |c 1976. 
300 |a 154 p. ;  |c 21 cm. 
504 |a Includes bibliographical references and index. 
546 |a eng. 
650 0 |a Ecology 
650 0 |a Economics 
942 |c BK 
999 |c 8138  |d 8138